| 000 | 00445pab a2200157 454500 | ||
|---|---|---|---|
| 008 | 180718b2007 xxu||||| |||| 00| 0 eng d | ||
| 100 | _aBartley, Tim | ||
| 245 | _aHow foundations shape social movements: the construction of an organizational field and the rise of forest certification | ||
| 260 | _c2007 | ||
| 300 | _ap.229-55. | ||
| 362 | _aAug | ||
| 650 | _aSocial movements | ||
| 773 | _aSocial Problems | ||
| 908 | _aN | ||
| 909 | _a76203 | ||
| 999 |
_c76203 _d76203 |
||